Mechanics of materials/ (Record no. 9769)

MARC details
000 -LEADER
fixed length control field 00507nam a22001817a 4500
003 - CONTROL NUMBER IDENTIFIER
control field OSt
005 - DATE AND TIME OF LATEST TRANSACTION
control field 20260423031511.0
008 - FIXED-LENGTH DATA ELEMENTS--GENERAL INFORMATION
fixed length control field 260423b |||||||| |||| 00| 0 eng d
020 ## - INTERNATIONAL STANDARD BOOK NUMBER
International Standard Book Number 981-4058-10-6
040 ## - CATALOGING SOURCE
Original cataloging agency DWCL-Main lib.
Transcribing agency OC
082 ## - DEWEY DECIMAL CLASSIFICATION NUMBER
Classification number Circ. 620.1 H624m 2000
100 ## - MAIN ENTRY--PERSONAL NAME
Personal name Hibbeler, R. C.
245 ## - TITLE STATEMENT
Title Mechanics of materials/
Statement of responsibility, etc. R. C. Hibbeler
260 ## - PUBLICATION, DISTRIBUTION, ETC.
Place of publication, distribution, etc. USA :
Name of publisher, distributor, etc. Prentice-Hall,
Date of publication, distribution, etc. c2000
300 ## - PHYSICAL DESCRIPTION
Extent xiv, 848 p. ;
Dimensions 24 cm
504 ## - BIBLIOGRAPHY, ETC. NOTE
Bibliography, etc. note Includes index
942 ## - ADDED ENTRY ELEMENTS (KOHA)
Source of classification or shelving scheme Dewey Decimal Classification
Koha item type Book Circulation
Classification part Circ.
Suppress in OPAC No
952 ## - LOCATION AND ITEM INFORMATION (KOHA)
--
952 ## - LOCATION AND ITEM INFORMATION (KOHA)
--
952 ## - LOCATION AND ITEM INFORMATION (KOHA)
--
Holdings
Withdrawn status Lost status Source of classification or shelving scheme Damaged status Not for loan Home library Current library Shelving location Date acquired Cost, normal purchase price Total Checkouts Full call number Barcode Date last seen Copy number Price effective from Koha item type Uniform Resource Identifier
    Dewey Decimal Classification     College Library College Library Circulation 04/23/2026 0.00   Circ. 620.1 H624m 2000 CL35265 04/23/2026 c3 04/23/2026 BK-CIRC
    Dewey Decimal Classification     College Library College Library Circulation 12/03/2001 0.00   Circ. 620.1 H624m 2000 CL35264 04/23/2026 c1 04/23/2026 BK-CIRC
    Dewey Decimal Classification     College Library College Library Circulation 12/03/2001 0.00   Circ. 620.1 H624m 2000 CL35229 04/23/2026 c1 04/23/2026 BK-CIRC